बच्चों की समझ/ (Record no. 201643)

MARC details
000 -LEADER
fixed length control field 00730nam a22001937a 4500
005 - DATE AND TIME OF LATEST TRANSACTION
control field 20240320142546.0
010 ## - LCCN (DPL NO)
LC control number HIN-127150
020 ## - INTERNATIONAL STANDARD BOOK NUMBER
International Standard Book Number 97881191127160
Terms of availability 380.00
035 ## - SYSTEM CONTROL NUMBER
System control number HN-99496
037 ## - SOURCE OF ACQUISITION
Source of stock number/acquisition DBAD/PUB.
082 ## - DEWEY DECIMAL CLASSIFICATION NUMBER
Classification number 808.853
100 ## - MAIN ENTRY--PERSONAL NAME
Personal name वाजपई,उदयन
245 ## - TITLE STATEMENT
Title बच्चों की समझ/
Statement of responsibility, etc उदयन वाजपई
260 ## - PUBLICATION, DISTRIBUTION, ETC. (IMPRINT)
Place of publication, distribution, etc उत्तर प्रदेश
Name of publisher, distributor, etc सेतु प्रकाशन
Date of publication, distribution, etc 2023
270 ## - ADDRESS
Address सी-21 सेक्टर-65 नॉएडा
City उत्तर प्रदेश
Postal code 201301
300 ## - PHYSICAL DESCRIPTION
Extent 125पृ;
Dimensions 21 सेमी (सजिल्द)
700 ## - ADDED ENTRY--PERSONAL NAME
9 (RLIN) 63631
942 ## - ADDED ENTRY ELEMENTS (KOHA)
Institution code [OBSOLETE] dpl
Item type Hindi Books
Source of classification or shelving scheme Dewey Decimal Classification
Classification part 808.853
Call number suffix वाजप
Holdings
Withdrawn status Lost status Not for loan Collection code Home library Current library Date acquired Source of acquisition Cost, normal purchase price Full call number Barcode Copy number Cost, replacement price Koha item type
      Non-fiction Peshwa Road Peshwa Road 20/03/2024 DBAD/PUB 380.00 808.853 वाजप HN-99496 1 380.00 Hindi Books

© Delhi Public Library
Hit Counter
free hit counter